[Event "EU-ch (Women) 24th"]
[Site "Rhodes"]
[Date "2024.04.26"]
[Round "7"]
[White "Deak Sala, Emilia"]
[Black "Dornbusch, Tatiana"]
[Result "0-1"]
[WhiteElo "2053"]
[BlackElo "2199"]
[PlyCount "94"]
[EventDate "2024.04.19"]
[EventType "swiss"]
[EventRounds "10"]
[EventCountry "GRE"]
[SourceTitle "CB18_2024"]
[SourceDate "2024.05.01"]
[SourceVersion "1"]
[SourceVersionDate "2024.05.01"]
[SourceQuality "2"]

1. d4 Nf6 2. c4 g6 3. Nc3 d5 4. cxd5 Nxd5 5. e4 Nxc3 6. bxc3 Bg7 7. Be3 0-0 8. Bc4 c5 9. Ne2 Nc6 10. 0-0 cxd4 11. cxd4 Bd7 12. Rb1 Rc8 13. Qd3 Na5 14. Bd5 b5 15. Bg5 h6 16. Bh4 g5 17. Bg3 e6 18. Bb3 Nxb3 19. Rxb3 Bc6 20. Rd1 f5 21. exf5 exf5 22. d5 Qxd5 23. Qxd5+ Bxd5 24. Rxd5 f4 25. f3 Rc2 26. Rdxb5 Rxe2 27. Bf2 Rxa2 28. h4 a6 29. Rb7 Rf7 30. hxg5 hxg5 31. Bc5 Be5 32. R3b6 Kg7 33. Kh2 g4 34. Rxf7+ Kxf7 35. Rb3 g3+ 36. Kh3 Ke6 37. Rd3 Kf5 38. Bd4 Bd6 39. Bc3 Ke6 40. Bd2 Ra4 41. Kg4 Rc4 42. Kg5 a5 43. Bc3 a4 44. Bb2 Rc2 45. Ba3 Be5 46. Bb4 Rxg2 47. Ra3 Rc2 0-1

[Event "EU-ch (Women) 24th"]
[Site "Rhodes"]
[Date "2024.04.23"]
[Round "5"]
[White "Deak Sala, Emilia"]
[Black "Urh, Zala"]
[Result "0-1"]
[WhiteElo "2053"]
[BlackElo "2263"]
[PlyCount "62"]
[EventDate "2024.04.19"]
[EventType "swiss"]
[EventRounds "10"]
[EventCountry "GRE"]
[SourceTitle "CB18_2024"]
[SourceDate "2024.05.01"]
[SourceVersion "1"]
[SourceVersionDate "2024.05.01"]
[SourceQuality "2"]

1. e4 e5 2. Nf3 Nc6 3. Bc4 Bc5 4. c3 Nf6 5. d4 exd4 6. e5 d5 7. Bb5 Ne4 8. cxd4 Bb6 9. Nc3 0-0 10. 0-0 Bg4 11. Be3 f5 12. exf6 Nxf6 13. Be2 Ne7 14. h3 Bxf3 15. Bxf3 c6 16. Na4 Nf5 17. Nxb6 Qxb6 18. Qd3 Nxe3 19. Qxe3 Rae8 20. Qd3 Ne4 21. Rab1 Nd6 22. b3 Rf4 23. Rbd1 Nb5 24. Rfe1 Ref8 25. Qe3 Nxd4 26. Bh5 Re4 27. Qg3 Nf5 28. Qg5 Nd6 29. Bf3 Rxe1+ 30. Rxe1 Ne4 31. Qh4 g5 0-1

[Event "EU-ch (Women) 24th"]
[Site "Rhodes"]
[Date "2024.04.21"]
[Round "3"]
[White "Deak Sala, Emilia"]
[Black "Sandu, Mihaela"]
[Result "1-0"]
[WhiteElo "2053"]
[BlackElo "2253"]
[PlyCount "93"]
[EventDate "2024.04.19"]
[EventType "swiss"]
[EventRounds "10"]
[EventCountry "GRE"]
[SourceTitle "CB18_2024"]
[SourceDate "2024.05.01"]
[SourceVersion "1"]
[SourceVersionDate "2024.05.01"]
[SourceQuality "2"]

1. e4 e5 2. Nf3 Nc6 3. Bc4 Nf6 4. d4 exd4 5. e5 d5 6. Bb5 Ne4 7. Nxd4 Bd7 8. Bxc6 bxc6 9. 0-0 Bc5 10. f3 Ng5 11. f4 Ne4 12. Be3 Qe7 13. Nd2 Nxd2 14. Qxd2 Bb6 15. a4 c5 16. Nf3 d4 17. Bf2 a5 18. Bh4 Qe6 19. f5 Qd5 20. Qg5 Kf8 21. Qe7+ Kg8 22. c4 Qc6 23. e6 Bxe6 24. fxe6 Qxe6 25. Qxe6 fxe6 26. Ne5 h5 27. Rf3 Kh7 28. Raf1 Rhg8 29. Bg5 c6 30. Rf7 Bd8 31. Bxd8 Raxd8 32. Nd7 Kg6 33. Nf8+ Kh6 34. Nxe6 Rb8 35. h4 Rxb2 36. Nf8 Rxf8 37. Rxf8 Rc2 38. Rc8 Rxc4 39. Rxc6+ Kh7 40. Rf5 d3 41. Rxh5+ Kg8 42. Rd5 Rc1+ 43. Kf2 c4 44. Rd4 Rc2+ 45. Ke1 Rc1+ 46. Kd2 Rc2+ 47. Kd1 1-0

[Event "AUT-chT (Women) 2324"]
[Site "Austria"]
[Date "2024.04.14"]
[Round "9.3"]
[White "Deak Sala, Emilia"]
[Black "Karacsonyi, Kata"]
[Result "1-0"]
[WhiteElo "2053"]
[BlackElo "2152"]
[PlyCount "127"]
[EventDate "2023.11.24"]
[EventType "team-tourn"]
[EventRounds "9"]
[EventCountry "AUT"]
[SourceTitle "CB16_2024"]
[SourceDate "2024.04.17"]
[SourceVersion "1"]
[SourceVersionDate "2024.04.17"]
[SourceQuality "1"]
[WhiteTeam "Gamlitz (W)"]
[BlackTeam "Wulkaprodersdorf (W)"]
[WhiteTeamCountry "AUT"]
[BlackTeamCountry "AUT"]

1. e4 c5 2. Nf3 d6 3. d4 cxd4 4. Nxd4 Nf6 5. Nc3 Nc6 6. Bg5 e6 7. Qd3 Bd7 8. Ndb5 Nb4 9. Qd1 Qb8 10. e5 dxe5 11. Bxf6 gxf6 12. a3 Nd5 13. Nxd5 exd5 14. Qxd5 Bc6 15. Qb3 a6 16. Nc3 Qc7 17. 0-0-0 b5 18. Nd5 Bxd5 19. Qxd5 Rd8 20. Qxd8+ Qxd8 21. Rxd8+ Kxd8 22. b4 Rg8 23. g3 Rg4 24. Bd3 h6 25. c3 Bd6 26. f3 Rg8 27. Kb2 Ke7 28. Kb3 Rd8 29. Be4 Bc7 30. g4 Rd2 31. h4 Bb6 32. Ra1 h5 33. gxh5 Ke6 34. h6 f5 35. h7 Rd8 36. Bb7 Rh8 37. Bxa6 Rxh7 38. Bxb5 e4 39. a4 Rxh4 40. a5 Ba7 41. Bc4+ Ke5 42. fxe4 f4 43. b5 Rh6 44. b6 Bxb6 45. axb6 Rxb6+ 46. Kc2 Kxe4 47. Bxf7 f3 48. Bc4 Rd6 49. Re1+ Kf4 50. Bd3 Rd8 51. c4 f2 52. Rc1 Ke3 53. Bf1 Rc8 54. Rd1 Re8 55. c5 Re5 56. Rd3+ Kf4 57. Rc3 Re1 58. Bb5 Re5 59. Ba6 Re8 60. c6 Ra8 61. c7 Rc8 62. Kd2 Ke5 63. Ke2 Rf8 64. Kf1 1-0

[Event "AUT-chT (Women) 2324"]
[Site "Austria"]
[Date "2024.04.13"]
[Round "8.4"]
[White "Deak Sala, Emilia"]
[Black "Anker, Christin"]
[Result "1-0"]
[WhiteElo "2053"]
[BlackElo "1914"]
[PlyCount "85"]
[EventDate "2023.11.24"]
[EventType "team-tourn"]
[EventRounds "9"]
[EventCountry "AUT"]
[SourceTitle "CB16_2024"]
[SourceDate "2024.04.17"]
[SourceVersion "1"]
[SourceVersionDate "2024.04.17"]
[SourceQuality "1"]
[WhiteTeam "Gamlitz (W)"]
[BlackTeam "Schach ohne Grenzen (W)"]
[WhiteTeamCountry "AUT"]
[BlackTeamCountry "AUT"]

1. Nf3 Nf6 2. g3 d5 3. Bg2 Bf5 4. 0-0 e6 5. d3 Be7 6. Nbd2 0-0 7. c3 c5 8. Nh4 Nc6 9. Nxf5 exf5 10. Qc2 Re8 11. e4 fxe4 12. dxe4 dxe4 13. Nxe4 Qb6 14. Be3 Qa5 15. Rfd1 Rad8 16. Rxd8 Rxd8 17. Nxf6+ Bxf6 18. Qf5 Ne7 19. Qxc5 Qxc5 20. Bxc5 b6 21. Ba3 g6 22. Kf1 Nf5 23. Re1 h5 24. c4 Rd2 25. Re8+ Kg7 26. Bd5 Bd4 27. Re2 Rd1+ 28. Kg2 Kf6 29. b3 Ra1 30. h3 g5 31. Bf3 Kg6 32. Be4 Kf6 33. Bb4 a5 34. Ba3 Bc3 35. Rc2 Bd4 36. Bf3 Kg6 37. c5 bxc5 38. Bxc5 Bf6 39. Be4 Re1 40. Be3 Be7 41. g4 hxg4 42. hxg4 Kf6 43. Bxf5 1-0

[Event "Wch U16 Girls"]
[Site "Montesilvano"]
[Date "2023.11.22"]
[Round "9"]
[White "Deak Sala, Emilia"]
[Black "Mickunaite, Agne"]
[Result "1-0"]
[WhiteElo "1927"]
[BlackElo "1673"]
[PlyCount "81"]
[EventDate "2023.11.13"]
[EventType "swiss"]
[EventRounds "11"]
[EventCountry "ITA"]
[SourceTitle "CB48_2023"]
[SourceDate "2023.11.29"]
[SourceVersion "1"]
[SourceVersionDate "2023.11.29"]
[SourceQuality "1"]

1. d4 Nf6 2. Bf4 g6 3. Nc3 Bg7 4. e4 d6 5. Qd2 0-0 6. 0-0-0 Nbd7 7. e5 Ne8 8. h4 Nb6 9. Qe3 c6 10. h5 Nc7 11. Bh6 Bh8 12. hxg6 fxg6 13. Bxf8 Qxf8 14. f4 d5 15. Bd3 Bg7 16. Rf1 Bh6 17. Qg3 Ne6 18. Nge2 Nd8 19. Qh4 Nf7 20. g4 g5 21. Qh5 Qg7 22. f5 e6 23. Ng3 Nc4 24. fxe6 Bxe6 25. Rxf7 Qxf7 26. Qxf7+ Kxf7 27. Rxh6 Bxg4 28. Rxh7+ Kg8 29. Rh6 Kf7 30. Rf6+ Ke7 31. Rg6 Rh8 32. Rxg5 Be6 33. Bxc4 dxc4 34. Nce4 b5 35. Rh5 Rf8 36. Rh7+ Kd8 37. Rxa7 Rf4 38. Kd2 Bd5 39. Ke3 Rh4 40. Nf6 b4 41. Nxd5 1-0

[Event "AUT-chT U18 rapid"]
[Site "Vienna"]
[Date "2023.10.29"]
[Round "6.4"]
[White "Deak Sala, Emilia"]
[Black "Giselbrecht, Leefke"]
[Result "1-0"]
[WhiteElo "1907"]
[BlackElo "1364"]
[PlyCount "115"]
[EventDate "2023.10.29"]
[EventType "team-swiss"]
[EventRounds "7"]
[EventCountry "AUT"]
[SourceTitle "Mega2024 Update 01"]
[Source "Chessbase"]
[SourceDate "2023.11.12"]
[SourceVersion "1"]
[SourceVersionDate "2023.11.12"]
[SourceQuality "1"]
[WhiteTeam "Vienna U18"]
[BlackTeam "Vorarlberg U18"]
[WhiteTeamCountry "AUT"]
[BlackTeamCountry "AUT"]

1. e4 c5 2. Nf3 Nc6 3. c4 g6 4. d4 cxd4 5. Nxd4 Nf6 6. Be3 Nxe4 7. Nxc6 bxc6 8. Bd3 Nf6 9. 0-0 Bg7 10. Nc3 0-0 11. Be2 d6 12. Bf3 Qc7 13. Rc1 Rb8 14. Qd2 Be6 15. b3 Bf5 16. Rfd1 Rfd8 17. b4 a6 18. a4 Qd7 19. b5 axb5 20. axb5 cxb5 21. cxb5 Rdc8 22. Bc6 Qd8 23. Ba7 Rxc6 24. bxc6 Rc8 25. Nb5 Qe8 26. Nd4 Be4 27. c7 Nd5 28. f3 Bf5 29. Nxf5 Rxc7 30. Rxc7 Nxc7 31. Nxg7 Kxg7 32. Bb6 Ne6 33. Re1 Qc6 34. Bd4+ Nxd4 35. Qxd4+ Kg8 36. Rxe7 Qc1+ 37. Kf2 Qc2+ 38. Re2 Qc6 39. Rd2 d5 40. Qxd5 Qb6+ 41. Qd4 Qb7 42. Rb2 Qe7 43. Rb8+ Qf8 44. Rxf8+ Kxf8 45. Qh8+ Ke7 46. Qxh7 Kd6 47. Qxf7 Kc5 48. Qxg6 Kd5 49. h4 Kc4 50. h5 Kd5 51. h6 Kc4 52. h7 Kd5 53. h8Q Kc5 54. Qc8+ Kd5 55. Qgf5+ Kd6 56. Qce6+ Kc7 57. Qff7+ Kd8 58. Qee8# 1-0

[Event "AUT-chT U18 rapid"]
[Site "Vienna"]
[Date "2023.10.29"]
[Round "1.4"]
[White "Deak Sala, Emilia"]
[Black "Marinovic, Sara"]
[Result "1-0"]
[WhiteElo "1907"]
[BlackElo "1498"]
[PlyCount "59"]
[EventDate "2023.10.29"]
[EventType "team-swiss"]
[EventRounds "7"]
[EventCountry "AUT"]
[SourceTitle "Mega2024 Update 01"]
[Source "Chessbase"]
[SourceDate "2023.11.12"]
[SourceVersion "1"]
[SourceVersionDate "2023.11.12"]
[SourceQuality "1"]
[WhiteTeam "Vienna U18"]
[BlackTeam "Vienna U18 II"]
[WhiteTeamCountry "AUT"]
[BlackTeamCountry "AUT"]

1. e4 e5 2. Nf3 Nc6 3. Bc4 Nf6 4. d3 Bc5 5. c3 d6 6. Bb3 Bb6 7. Nbd2 Bg4 8. h3 Bh5 9. Nf1 Qd7 10. Ng3 Bg6 11. a4 a6 12. 0-0 0-0-0 13. Bc4 Nh5 14. Kh2 f5 15. Ng5 Kb8 16. Nxh5 h6 17. Ne6 Bxh5 18. Qxh5 Rde8 19. exf5 d5 20. Bb3 Na5 21. Bc2 Rhg8 22. b4 Nc6 23. Nc5 Bxc5 24. bxc5 e4 25. d4 Ne7 26. f3 Nxf5 27. fxe4 g6 28. Qf3 dxe4 29. Bxe4 Nh4 30. Qd3 1-0

[Event "AUT-chT U18 rapid"]
[Site "Vienna"]
[Date "2023.10.29"]
[Round "2.4"]
[White "Wallinger, Nikolaus"]
[Black "Deak Sala, Emilia"]
[Result "0-1"]
[WhiteElo "1788"]
[BlackElo "1907"]
[PlyCount "70"]
[EventDate "2023.10.29"]
[EventType "team-swiss"]
[EventRounds "7"]
[EventCountry "AUT"]
[SourceTitle "Mega2024 Update 01"]
[Source "Chessbase"]
[SourceDate "2023.11.12"]
[SourceVersion "1"]
[SourceVersionDate "2023.11.12"]
[SourceQuality "1"]
[WhiteTeam "Burgenland U18"]
[BlackTeam "Vienna U18"]
[WhiteTeamCountry "AUT"]
[BlackTeamCountry "AUT"]

1. e4 c5 2. Nf3 Nc6 3. d4 cxd4 4. Nxd4 g6 5. Nc3 Bg7 6. Be3 Nf6 7. Bc4 0-0 8. 0-0 Nxe4 9. Nxe4 d5 10. Nxc6 bxc6 11. Bd3 dxe4 12. Bxe4 Qc7 13. c3 Rb8 14. Qc2 e5 15. Rad1 Be6 16. b3 f5 17. Bf3 e4 18. Be2 f4 19. Bc5 f3 20. Qxe4 Bd5 21. Bc4 fxg2 22. Rfe1 Kh8 23. Bxd5 cxd5 24. Rxd5 Rf4 25. Qxg2 Rd8 26. Rxd8+ Qxd8 27. Bd4 Bxd4 28. cxd4 Rxd4 29. Qg3 Qf6 30. Re8+ Kg7 31. Qc7+ Kh6 32. Qc1+ Rf4 33. Re4 Qg5+ 34. Kh1 Rxe4 35. Qxg5+ Kxg5 0-1

[Event "Vienna Ottakring 100 Years"]
[Site "Vienna"]
[Date "2023.09.02"]
[Round "8"]
[White "Ohler, Julius"]
[Black "Deak Sala, Emilia"]
[Result "1-0"]
[WhiteElo "2141"]
[BlackElo "1967"]
[PlyCount "57"]
[EventDate "2023.08.26"]
[EventType "swiss"]
[EventRounds "9"]
[EventCountry "AUT"]
[SourceTitle "EXT 2024"]
[Source "ChessBase"]
[SourceDate "2023.10.10"]
[SourceVersion "1"]
[SourceVersionDate "2023.10.10"]
[SourceQuality "1"]

1. d4 Nf6 2. c4 g6 3. Nc3 Bg7 4. e4 d6 5. Nf3 0-0 6. Be2 Nbd7 7. 0-0 e5 8. Qc2 a5 9. Rd1 exd4 10. Nxd4 Nc5 11. Be3 Qe7 12. f3 c6 13. Qd2 Nh5 14. Nb3 Be5 15. Nxc5 dxc5 16. f4 Bd4 17. Bxh5 Bxc3 18. Qxc3 gxh5 19. e5 Bf5 20. Rd6 b6 21. Rf6 Be4 22. Qe1 Rad8 23. Bf2 Bd3 24. Bh4 Qc7 25. Qg3+ Kh8 26. Rd6 Rxd6 27. exd6 Qxd6 28. Rd1 Qd4+ 29. Kh1 1-0

[Event "World ol U16"]
[Site "Eindhoven"]
[Date "2023.08.17"]
[Round "7.9"]
[White "Kholyavko, Mariya"]
[Black "Deak Sala, Emilia"]
[Result "1/2-1/2"]
[WhiteElo "1578"]
[BlackElo "1967"]
[PlyCount "107"]
[EventDate "2023.08.13"]
[EventType "team-swiss"]
[EventRounds "9"]
[EventCountry "NED"]
[SourceTitle "CBM 215 Extra"]
[Source "ChessBase"]
[SourceDate "2023.09.30"]
[SourceVersion "1"]
[SourceVersionDate "2023.09.30"]
[SourceQuality "1"]
[WhiteTeam "Kazakhstan V"]
[BlackTeam "Austria"]
[WhiteTeamCountry "KAZ"]
[BlackTeamCountry "AUT"]

1. e4 e5 2. Nf3 Nc6 3. d4 exd4 4. Nxd4 Nf6 5. Nxc6 bxc6 6. e5 Nd5 7. c4 Ne7 8. Bd3 Ng6 9. Qe2 Qe7 10. f4 d6 11. g3 Bb7 12. Nc3 d5 13. cxd5 cxd5 14. Ba6 Bxa6 15. Qd3 Bb5 16. Qxb5+ Qd7 17. Qb7 Rd8 18. Nb5 Bb4+ 19. Bd2 Bxd2+ 20. Kxd2 0-0 21. a4 c6 22. Qxd7 Rxd7 23. Nd4 c5 24. Nf5 Rb8 25. Kc2 Rdb7 26. Rab1 Ne7 27. Nxe7+ Rxe7 28. Rhd1 Rd7 29. b3 Rb4 30. Rd3 d4 31. g4 Kf8 32. f5 c4 33. bxc4 Rxc4+ 34. Kd2 Rxa4 35. f6 gxf6 36. exf6 Rd8 37. Rb7 Ra2+ 38. Ke1 Ra6 39. g5 Re6+ 40. Kf2 a6 41. Ra7 Red6 42. Kf3 h6 43. h4 hxg5 44. hxg5 R8d7 45. Ra8+ Rd8 46. Ra7 R8d7 47. Rxd7 Rxd7 48. Ke4 Kg8 49. Ke5 Kh7 50. Kf4 a5 51. Rh3+ Kg8 52. Rd3 Kh7 53. Rh3+ Kg8 54. Ke4 1/2-1/2

[Event "World ol U16"]
[Site "Eindhoven"]
[Date "2023.08.16"]
[Round "6.7"]
[White "Deak Sala, Emilia"]
[Black "Kaldarova, Ayaulym"]
[Result "0-1"]
[WhiteElo "1967"]
[BlackElo "1933"]
[PlyCount "82"]
[EventDate "2023.08.13"]
[EventType "team-swiss"]
[EventRounds "9"]
[EventCountry "NED"]
[SourceTitle "CBM 215 Extra"]
[Source "ChessBase"]
[SourceDate "2023.09.30"]
[SourceVersion "1"]
[SourceVersionDate "2023.09.30"]
[SourceQuality "1"]
[WhiteTeam "Austria"]
[BlackTeam "Kazakhstan II"]
[WhiteTeamCountry "AUT"]
[BlackTeamCountry "KAZ"]

1. e4 d6 2. Nf3 g6 3. d4 Nf6 4. Bd3 Bg7 5. c4 Nc6 6. Nc3 Bg4 7. Be3 e5 8. d5 Nd4 9. Be2 Nxe2 10. Qxe2 0-0 11. h3 Bd7 12. g4 c6 13. Nd2 Qc8 14. f3 h5 15. Nf1 Re8 16. Ng3 h4 17. Nf1 Nh7 18. Qf2 cxd5 19. cxd5 Bf6 20. Bxa7 b5 21. Nd2 b4 22. Nd1 Qa6 23. Be3 Rec8 24. Nb3 Bb5 25. Qd2 Bc4 26. Nc1 Bd8 27. b3 Bb5 28. Kf2 Rc7 29. Ne2 Bxe2 30. Qxe2 Qxe2+ 31. Kxe2 Rc2+ 32. Kd3 Rac8 33. Rb1 Ng5 34. Rb2 Rxb2 35. Nxb2 Rc3+ 36. Ke2 Rc2+ 37. Bd2 Rxb2 38. Rc1 Kg7 39. Rc8 Bf6 40. Rc6 Nxh3 41. Rxd6 Bg5 0-1

[Event "World ol U16"]
[Site "Eindhoven"]
[Date "2023.08.14"]
[Round "3.9"]
[White "Mickunaite, Agne"]
[Black "Deak Sala, Emilia"]
[Result "0-1"]
[WhiteElo "1673"]
[BlackElo "1967"]
[PlyCount "72"]
[EventDate "2023.08.13"]
[EventType "team-swiss"]
[EventRounds "9"]
[EventCountry "NED"]
[SourceTitle "CBM 215 Extra"]
[Source "ChessBase"]
[SourceDate "2023.09.30"]
[SourceVersion "1"]
[SourceVersionDate "2023.09.30"]
[SourceQuality "1"]
[WhiteTeam "Lithuania"]
[BlackTeam "Austria"]
[WhiteTeamCountry "LTU"]
[BlackTeamCountry "AUT"]

1. c4 e5 2. Nc3 Nc6 3. g3 f5 4. e3 Nf6 5. Bg2 e4 6. d4 d5 7. cxd5 Nb4 8. Bf1 Nbxd5 9. Nge2 Be7 10. a3 0-0 11. Bg2 Kh8 12. Bd2 c6 13. Rc1 Qe8 14. Nxd5 Nxd5 15. Nc3 Nf6 16. h4 Be6 17. Ne2 Nh5 18. Qc2 Qf7 19. Nf4 Nxf4 20. exf4 Rfd8 21. Be3 Bf6 22. 0-0 Bxd4 23. Bxd4 Rxd4 24. Rfe1 Rad8 25. Qc5 a6 26. Qb6 R8d7 27. b4 Qe7 28. Rb1 Qd8 29. Qa7 Rd3 30. a4 Bc4 31. Qc5 Be6 32. Qa7 Ra3 33. Ra1 Rxa1 34. Rxa1 h6 35. Rb1 Bc4 36. Bh3 b6 0-1

[Event "EU-chT U18 Girls"]
[Site "Iasi"]
[Date "2023.07.30"]
[Round "7.2"]
[White "Hoanca, Alexia Ioana"]
[Black "Deak Sala, Emilia"]
[Result "1-0"]
[WhiteElo "1650"]
[BlackElo "1893"]
[PlyCount "85"]
[EventDate "2023.07.24"]
[EventType "team-swiss"]
[EventRounds "7"]
[EventCountry "ROU"]
[SourceTitle "CBM 215 Extra"]
[Source "ChessBase"]
[SourceDate "2023.09.30"]
[SourceVersion "1"]
[SourceVersionDate "2023.09.30"]
[SourceQuality "1"]
[WhiteTeam "Romania Bucharest CSU U18 Girls"]
[BlackTeam "Austria U18 Girls"]
[WhiteTeamCountry "ROU"]
[BlackTeamCountry "AUT"]

1. e4 c5 2. Nf3 Nc6 3. d4 cxd4 4. Nxd4 g6 5. Nc3 Bg7 6. Be3 Nf6 7. Nxc6 bxc6 8. e5 Ng8 9. Bd4 c5 10. Bxc5 Bxe5 11. Qd5 Qc7 12. Qxa8 Qxc5 13. Qf3 Nf6 14. Be2 0-0 15. 0-0 d5 16. Rac1 Bf5 17. Na4 Qa5 18. b3 Qd2 19. Bd3 Qh6 20. g3 Bh3 21. Rfe1 Bd6 22. Qe3 Qg7 23. c4 Ng4 24. Qe2 Bb4 25. Red1 d4 26. Be4 e5 27. c5 Ba5 28. c6 f5 29. Bd5+ Kh8 30. Nc5 Qe7 31. Ne6 Bc7 32. Nxf8 Qxf8 33. Rc4 Nf6 34. Bh1 Qd6 35. Qd2 Bg4 36. Re1 Bb6 37. Qb4 Qxb4 38. Rxb4 e4 39. Rxb6 axb6 40. c7 f4 41. Bxe4 fxg3 42. hxg3 Ne8 43. Bf3 1-0

[Event "AUT-ch U16"]
[Site "St Veit"]
[Date "2023.04.05"]
[Round "6"]
[White "Winkelbauer, Christian"]
[Black "Deak Sala, Emilia"]
[Result "1-0"]
[WhiteElo "1655"]
[BlackElo "1884"]
[PlyCount "81"]
[EventDate "2023.04.02"]
[EventType "swiss"]
[EventRounds "7"]
[EventCountry "AUT"]
[SourceTitle "EXT 2024"]
[Source "ChessBase"]
[SourceDate "2023.10.10"]
[SourceVersion "1"]
[SourceVersionDate "2023.10.10"]
[SourceQuality "1"]

1. c4 e5 2. Nc3 Nc6 3. g3 f5 4. Bg2 Nf6 5. e3 e4 6. d4 Nb4 7. Bf1 a5 8. a3 Na6 9. Nge2 Be7 10. Bg2 0-0 11. 0-0 c6 12. c5 d6 13. b4 Be6 14. Rb1 axb4 15. axb4 Nc7 16. Qc2 Qe8 17. Rd1 d5 18. Bd2 g5 19. Ra1 Rxa1 20. Rxa1 Qh5 21. Qd1 Qh6 22. Qf1 Bd8 23. Nc1 Bc8 24. Nb3 Ne6 25. b5 Bc7 26. Bh3 f4 27. b6 Nxd4 28. Nxd4 Bxh3 29. Qe1 Bb8 30. exf4 gxf4 31. Ra8 Qg7 32. Nde2 fxg3 33. hxg3 Nd7 34. Be3 Ne5 35. Nd4 Nd3 36. Qd2 Qg6 37. Bh6 Rc8 38. Nce2 Be5 39. Nxc6 Qxc6 40. Qg5+ Kh8 41. Qd8+ 1-0

[Event "AUT-ch U16"]
[Site "St Veit"]
[Date "2023.04.04"]
[Round "4"]
[White "Deak Sala, Emilia"]
[Black "Borrmann, Laurenz"]
[Result "0-1"]
[WhiteElo "1884"]
[BlackElo "2331"]
[PlyCount "60"]
[EventDate "2023.04.02"]
[EventType "swiss"]
[EventRounds "7"]
[EventCountry "AUT"]
[SourceTitle "EXT 2024"]
[Source "ChessBase"]
[SourceDate "2023.10.10"]
[SourceVersion "1"]
[SourceVersionDate "2023.10.10"]
[SourceQuality "1"]

1. d4 Nf6 2. Bf4 d5 3. e3 e6 4. Nf3 c5 5. c3 Nc6 6. Nbd2 Nh5 7. Bg3 Nxg3 8. hxg3 g6 9. Bd3 Qe7 10. Qe2 Bg7 11. 0-0 0-0 12. Rfe1 Bd7 13. Rad1 c4 14. Bb1 f5 15. Nh2 b5 16. f4 Rab8 17. Ndf3 b4 18. Rc1 bxc3 19. Rxc3 Qb4 20. Rc2 Qa5 21. Qd2 Qxd2 22. Nxd2 Rfc8 23. Nhf3 Bf8 24. b3 Nb4 25. Rc3 Nd3 26. Bxd3 Bb4 27. Rcc1 cxd3 28. a4 Rc2 29. Rxc2 dxc2 30. Rc1 Rc8 0-1

[Event "Vienna Advent op"]
[Site "Vienna"]
[Date "2022.12.11"]
[Round "7"]
[White "Deak Sala, Emilia"]
[Black "Radnaev, Nomin"]
[Result "0-1"]
[WhiteElo "1857"]
[BlackElo "1807"]
[PlyCount "92"]
[EventDate "2022.12.05"]
[EventType "tourn"]
[EventRounds "7"]
[EventCountry "AUT"]
[SourceTitle "CBM 211 Extra"]
[Source "ChessBase"]
[SourceDate "2023.01.31"]
[SourceVersion "1"]
[SourceVersionDate "2023.01.31"]
[SourceQuality "1"]

1. e4 c5 2. c4 Nc6 3. Nc3 g6 4. g3 Bg7 5. Bg2 d6 6. Nge2 e6 7. 0-0 Nge7 8. Rb1 0-0 9. a3 b6 10. b4 Bb7 11. d3 Nd4 12. Bd2 Qd7 13. Nf4 Kh8 14. h4 f5 15. Kh2 Rae8 16. Rh1 e5 17. Nfd5 fxe4 18. dxe4 Rxf2 19. Kg1 Rff8 20. Ne3 Qe6 21. g4 Qf7 22. Rh3 Bc8 23. Qe1 Bh6 24. Qg3 Bf4 25. Qe1 Bxe3+ 26. Qxe3 Bxg4 27. Rg3 Bh5 28. Rb2 Qxc4 29. Qe1 Nf3+ 30. Bxf3 Rxf3 31. Rxf3 Bxf3 32. Kh2 Qe6 33. Bg5 Nc6 34. Nd5 Rf8 35. Qe3 Rf7 36. bxc5 dxc5 37. a4 Qg4 38. Nf6 Qe6 39. Nd5 Bg4 40. Rf2 Nd4 41. Rf6 Qd7 42. Rxf7 Qxf7 43. Bf6+ Kg8 44. Qh6 Nc6 45. Qg5 Be6 46. Ne3 h6 0-1

[Event "EU-ch U16 Girls 30th"]
[Site "Antalya"]
[Date "2022.11.11"]
[Round "6"]
[White "Micheli, Elora"]
[Black "Deak Sala, Emilia"]
[Result "0-1"]
[WhiteElo "1576"]
[BlackElo "1955"]
[PlyCount "74"]
[EventDate "2022.11.06"]
[EventType "swiss"]
[EventRounds "9"]
[EventCountry "TUR"]
[SourceTitle "EXT 2024"]
[Source "ChessBase"]
[SourceDate "2023.10.10"]
[SourceVersion "1"]
[SourceVersionDate "2023.10.10"]
[SourceQuality "1"]

1. d4 Nf6 2. Nf3 g6 3. c4 Bg7 4. Nc3 d6 5. e4 0-0 6. Be2 Nbd7 7. h3 c5 8. d5 Re8 9. Be3 a6 10. Qd2 Rb8 11. a4 Qa5 12. 0-0 Nf8 13. g4 Qc7 14. Bf4 b6 15. Nh2 N6d7 16. h4 Ne5 17. Be3 f5 18. gxf5 gxf5 19. Bh6 Bxh6 20. Qxh6 Nf7 21. Qf4 Ng6 22. Qg3 f4 23. Qg2 Kh8 24. Nf3 Rg8 25. Kh1 Nxh4 26. Qh2 Nxf3 27. Bxf3 Rg6 28. Qxf4 Rh6+ 29. Kg1 Bh3 30. Ne2 Rf6 31. Qe3 Bxf1 32. Kxf1 Ne5 33. Bh5 Nxc4 34. Qc1 Qd7 35. Nf4 Rxf4 36. Qxf4 Qh3+ 37. Ke2 Qxh5+ 0-1

[Event "EU-ch U16 Girls 30th"]
[Site "Antalya"]
[Date "2022.11.09"]
[Round "4"]
[White "Grimault, Leane"]
[Black "Deak Sala, Emilia"]
[Result "1-0"]
[WhiteElo "1754"]
[BlackElo "1955"]
[PlyCount "73"]
[EventDate "2022.11.06"]
[EventType "swiss"]
[EventRounds "9"]
[EventCountry "TUR"]
[SourceTitle "EXT 2024"]
[Source "ChessBase"]
[SourceDate "2023.10.10"]
[SourceVersion "1"]
[SourceVersionDate "2023.10.10"]
[SourceQuality "1"]

1. c4 e5 2. Nc3 Nc6 3. Nf3 f5 4. g3 Nf6 5. d4 e4 6. Nh4 d6 7. Bh3 g6 8. 0-0 Bg7 9. Bg5 Ne7 10. f3 exf3 11. Nxf3 c6 12. Bxf6 Bxf6 13. e4 Qc7 14. Qd2 Bd7 15. Rac1 c5 16. e5 dxe5 17. dxe5 Bg7 18. Nd5 Qc6 19. Bg2 Ng8 20. Ng5 Qc8 21. e6 Bc6 22. Nf7 Kf8 23. Rce1 Nf6 24. Nxh8 Bxh8 25. Qf4 Nxd5 26. cxd5 Bd4+ 27. Kh1 Bb5 28. Qd6+ Kg8 29. Rf4 Qe8 30. e7 Kg7 31. g4 Bd7 32. Bh3 g5 33. Rxd4 cxd4 34. Qe5+ Kg8 35. gxf5 Qh5 36. Bg2 d3 37. d6 1-0

[Event "EU-ch U16 Girls 30th"]
[Site "Antalya"]
[Date "2022.11.07"]
[Round "2"]
[White "Ozgor, Ezel"]
[Black "Deak Sala, Emilia"]
[Result "0-1"]
[WhiteElo "1422"]
[BlackElo "1955"]
[PlyCount "60"]
[EventDate "2022.11.06"]
[EventType "swiss"]
[EventRounds "9"]
[EventCountry "TUR"]
[SourceTitle "CBM 211 Extra"]
[Source "ChessBase"]
[SourceDate "2023.01.31"]
[SourceVersion "1"]
[SourceVersionDate "2023.01.31"]
[SourceQuality "1"]

1. e4 c5 2. Nf3 Nc6 3. d4 cxd4 4. Nxd4 Qb6 5. Nb5 Nf6 6. N1c3 a6 7. Na3 e6 8. Nc4 Qc7 9. Be3 b5 10. Nb6 Rb8 11. Nxc8 Rxc8 12. Bd3 Ne5 13. h3 Nc4 14. Bxc4 Qxc4 15. e5 Ne4 16. Qd4 Nxc3 17. bxc3 Qxc3+ 18. Qxc3 Rxc3 19. 0-0-0 Ba3+ 20. Kb1 Ke7 21. Bd4 Rc4 22. Rd3 Bb4 23. Rhd1 Rb8 24. Be3 Rb7 25. a3 Bc3 26. f4 b4 27. Ka2 bxa3 28. Rb1 Bb2 29. Rxa3 Rxc2 30. Rb3 Bxe5+ 0-1